00282nam a22001097a 4500020002200000082001400022100001900036245002300055260005300078300000800131650003300139 a978-93-81406-46-5 a297.7 MOO aMoosa, Ebrahim aWhat is A Madrasa? aNew DelhibDev Publishers and Distributorsc2015 a290 aIslam-Education and Training